000 00508nam a22002177a 4500
003 UA-OsUOA
001 78914
007 ta
008 20111024b un ||||| |||| 00| 0 ukr d
090 _a94(436)
_bВ29
942 _cBK
040 _aUA-OsUOA
_brus
_cUA-OsUOA
_dUA-OsUOA
245 _aВена
300 _a127 с.
955 _a4
041 _arus
080 _a94(436)
260 _aМилан
_c1979
650 7 _a9 Географія. Біографії. Історія
_2UDC
999 _c365229
_d365229